000 00632nam a2200193Ia 4500
001 17892
003 GE_BSU
008 181216s||||||||xx |||||||||||||| ||und||
040 _cGE_BSU
080 _a821.222.1-31
245 _aვისრამიანი
245 _cა. გვახარიას და მ. თოდუას რედ. ; [ილ: ლ. გუდიაშვილი].
260 _aთბილისი
260 _bლიტერატურა და ხელოვნება
260 _c[1964]
300 _a339გვ. ; 21სმ.
653 _aვისრამიანი
942 _cBK
999 _c50936
_d50936